书目信息 |
| 书名: | Principles of radiological physics | |
| 作者: | Donald T. Graham, Paul Cloke. | |
| 分册号: | ||
| 分册名: | 出版地: | Edinburgh ; |
|
| 出版社: | Churchill Livingstone | |
| 出版时间: | 2003. | |
| 页数: | 667 p. : | |
| 开本: | 22 cm. | |
| 丛书名: | ||
| 中图分类号: | ||
| 科图分类号: | ||
| 其他分类号: | O434 | |
| 主题词: | ||
| 电子资源: | http://www.loc.gov/catdir/toc/fy0610/2003043533.html | |
| 000 | 01642cam a22004454a 450 | |
| 001 | E0757549852 | |
| 005 | 20070509170623.54 | |
| 008 | 030203s2003 stka b 001 0 eng | |
| 010 | @a2003043533 | |
| 015 | @aGBA431641@2 bnb | |
| 016 | 7 | @a101189978@2 DNLM |
| 016 | 7 | @a012915162@2 Uk |
| 020 | @a0-443-04816-9. | |
| 035 | @a(OCoLC)ocm51607436 | |
| 040 | @aDLC@cDLC@dYDX@dNLM@dUKM@dBAKER@dNLGGC@dDLC | |
| 042 | @apcc | |
| 050 | 00 | @aR895@b.W54 2003 |
| 060 | 00 | @a2003 K-830 |
| 060 | 10 | @aWN 110@bG7384p 2003 |
| 082 | 00 | @a616.07/57@2 21 |
| 084 | @a33.43@2 bcl | |
| 084 | @a44.64@2 bcl | |
| 090 | @aO434 | |
| 099 | @dO434@ex3=3 | |
| 100 | 1 | @aGraham, Donald T. |
| 245 | 10 | @aPrinciples of radiological physics / @cDonald T. Graham, Paul Cloke. |
| 250 | @a3rd ed. | |
| 260 | @aEdinburgh ;@aNew York :@bChurchill Livingstone,@c2003. | |
| 300 | @a667 p. :@bill. ;@c22 cm. | |
| 500 | @aPrevious edition under Robin J. Wilks. | |
| 504 | @aIncludes bibliographical references and index. | |
| 650 | 0 | @aMedical physics. |
| 650 | 0 | @aRadiology, Medical. |
| 650 | 12 | @aHealth Physics. |
| 650 | 22 | @aRadiology@xinstrumentation. |
| 700 | 1 | @aCloke, Paul J. |
| 856 | 41 | @3 Table of contents only@uhttp://www.loc.gov/catdir/toc/fy0610/2003043533.html |
| 906 | @a7@bcbc@corignew@d1@eocip@f20@gy-gencatlg | |
| 925 | 0 | @aacquire@b2 shelf copies@xpolicy default, wrb/sel 2006-03-31 |
| 955 | @apc22 2003-02-03 to ASCD;@cjc09 2003-02-04@djc02 2003-02-04 to technician@aaa07 2003-02-05@aSel/sdb 2006-03-30 copy 1 to CIP ver.@fjf01 2006-07-19 Z-CipVer@gjf01 2006-07-19@ajf01 2006-07-19 (Added Copy 2) | |
| Principles of radiological physics / / Donald T. Graham, Paul Cloke.-3rd ed.-Edinburgh ; ; New York : : Churchill Livingstone, , 2003. |
| 667 p. : : ill. ; ; 22 cm. |
| Previous edition under Robin J. Wilks.-Includes bibliographical references and index. |
| ISBN 0-443-04816-9. |
| ● |
| 相关链接 |
|
|
|
|
正题名:Principles of radiological physics
索取号:O434/x3=3
 
预约/预借
| 序号 | 登录号 | 条形码 | 馆藏地/架位号 | 状态 | 备注 |
| 1 | 8029 | 300080294 | 第二样本阅览室/ [索取号:O434/x3=3] | 在馆 |